| 000 | 00730cam a2200229 4500 | ||
|---|---|---|---|
| 005 | 20170525140057.0 | ||
| 008 | 081220s2005 mx 000 0 spa u | ||
| 020 | _a9707224037 | ||
| 050 | 0 | 4 |
_aF1210 _bA77 2005 |
| 100 | 1 | _aArredondo Ramírez, Martha Luz. | |
| 245 | 1 | 0 |
_aMexicanidad versus identidad nacional / _cMartha Luz Arredondo Ramírez. |
| 250 | _a1a ed. | ||
| 260 |
_aMéxico : _bUniversidad Autónoma del Estado de Morelos, _c2005 |
||
| 300 |
_a192 p. ; _c20 cm. |
||
| 490 | 0 | _aEducación | |
| 504 | _aBibliografía : p. 183-192 | ||
| 506 | _aRec. Esc. | ||
| 650 | 7 |
_2Librunam _aCaracterísticas nacionales mexicanas |
|
| 650 | 7 |
_2Lemb _aValores _zMéxico |
|
| 942 |
_2lcc _cLIB |
||
| 999 |
_c73277 _d73277 |
||